[Event "Robinson Cup U14"]
[Site "Dundalk"]
[Date "2019.07.23"]
[Round "4.5"]
[White "Sandham, Alasdair"]
[Black "Boghossian, Wahe"]
[Result "1/2-1/2"]
[WhiteElo "1378"]
[BlackElo "1732"]
[PlyCount "27"]
[EventDate "2019.07.22"]
[EventType "team-tourn"]
[EventRounds "5"]
[EventCountry "IRL"]
[SourceTitle "EXT 2022"]
[Source "ChessBase"]
[SourceDate "2021.10.06"]
[SourceVersion "1"]
[SourceVersionDate "2021.10.06"]
[SourceQuality "1"]
[WhiteTeam "Scotland (U14)"]
[BlackTeam "Netherlands (U14)"]
[WhiteTeamCountry "SCO"]
[BlackTeamCountry "NED"]

1. d4 Nf6 2. Nf3 e6 3. Bf4 d5 4. e3 Bd6 5. Bg3 b6 6. Nbd2 0-0 7. Bd3 Bb7 8. Ne5 Ne4 9. Qh5 f5 10. Ndf3 Nd7 11. Bh4 Ndf6 12. Bxf6 Nxf6 13. Qh3 Qe7 14. Ng5 1/2-1/2